[Event "American Cup Elim"]
[Site "Saint Louis USA"]
[Date "2026.03.03"]
[Round "3.1"]
[White "Aronian, L."]
[Black "Liang, Awonder"]
[Result "1/2-1/2"]
[WhiteElo "2729"]
[BlackElo "2719"]
[PlyCount "120"]
[EventDate "2026.03.05"]
[EventType "k.o."]

1. c4 e6 2. Nc3 d5 3. d4 c5 4. cxd5 exd5 5. Nf3 Nc6 6. dxc5 d4 7. Na4 Bxc5 8. Nxc5 Qa5+ 9. Bd2 Qxc5 10. Rc1 Qb6 11. e3 Nf6 12. Bc4 dxe3 13. Bxe3 Qb4+ 14. Bd2 Qe7+ 15. Qe2 Qxe2+ 16. Bxe2 O-O 17. O-O Bg4 18. Rfd1 Rad8 $146 ({RR} 18... Rfd8 19. Kf1 Be6 20. b3 h6 21. Bb5 Rac8 22. Be3 Rxd1+ 23. Rxd1 Nd5 24. Bd2 a6 25. Bxc6 Rxc6 26. Nd4 Rc8 27. Nxe6 fxe6 28. Rc1 Rd8 29. Ke2 Kf7 30. h4 Ke7 31. Rc4 Kf7 32. Bc1 Rd7 33. Bb2 {Flear,G (2395)-Van Den Brande,N (2126) Saint-Affrique FRA 2023 1-0 (47)}) ({RR} 18... Rfd8 19. Kf1 Be6 20. b3 h6 21. Bb5 Rac8 22. Be3 Rxd1+ 23. Rxd1 Nd5 24. Bd2 a6 25. Bxc6 Rxc6 26. Nd4 Rc8 27. Nxe6 fxe6 28. Rc1 Rd8 29. Ke2 Kf7 30. h4 Ke7 31. Rc4 Kf7 32. Bc1 Rd7 33. Bb2 {Flear,G (2395)-Van Den Brande,N (2126) Saint-Affrique FRA 2023 1-0 (47)}) ({RR} 18... Rfd8 19. Kf1 Be6 20. b3 h6 21. Bb5 Rac8 22. Be3 Rxd1+ 23. Rxd1 Nd5 24. Bd2 a6 25. Bxc6 Rxc6 26. Nd4 Rc8 27. Nxe6 fxe6 28. Rc1 Rd8 29. Ke2 Kf7 30. h4 Ke7 31. Rc4 Kf7 32. Bc1 Rd7 33. Bb2 {Flear,G (2395)-Van Den Brande,N (2126) Saint-Affrique FRA 2023 1-0 (47)}) ({RR} 18... Rfd8 19. Kf1 Be6 20. b3 h6 21. Bb5 Rac8 22. Be3 Rxd1+ 23. Rxd1 Nd5 24. Bd2 a6 25. Bxc6 Rxc6 26. Nd4 Rc8 27. Nxe6 fxe6 28. Rc1 Rd8 29. Ke2 Kf7 30. h4 Ke7 31. Rc4 Kf7 32. Bc1 Rd7 33. Bb2 {Flear,G (2395)-Van Den Brande,N (2126) Saint-Affrique FRA 2023 1-0 (47)}) 19. Kf1 h6 20. h3 Be6 21. b3 a5 22. Bb5 Bd5 23. Bxc6 Bxc6 24. Bxa5 Ra8 25. Bb4 Rfe8 26. a4 Ra6 27. Nd4 Bd5 28. f3 Nh5 29. Rc5 Nf6 30. Re1 Rd8 31. Kf2 Rd7 32. Bc3 Be6 33. Nxe6 fxe6 34. a5 Nd5 35. Bd2 b6 36. Rc8+ Kf7 37. b4 bxa5 38. bxa5 Ne7 39. Rc2 Nc6 40. Ra2 Rd5 41. Bc3 Rc5 42. Ra3 e5 43. Rb1 Nd4 44. Rb2 Nb5 45. Bb4 Nxa3 46. Bxc5 Rxa5 47. Rb7+ Kg8 48. Rb8+ Kf7 49. Rb7+ Kg8 50. Bb4 Rb5 51. Rxb5 Nxb5 52. Ke3 Kf7 53. Ke4 Kf6 54. g4 g6 55. Kd5 Nc7+ 56. Ke4 Nb5 57. Kd5 Nc7+ 58. Kd6 Nb5+ 59. Kd5 Nc7+ 60. Ke4 Nb5 1/2-1/2

[Event "Niemann-Liang Match 2026"]
[Site "Paris FRA"]
[Date "2026.04.11"]
[Round "3.1"]
[White "Niemann, Hans Moke"]
[Black "Liang, Awonder"]
[Result "1-0"]
[WhiteElo "2728"]
[BlackElo "2718"]
[PlyCount "127"]
[EventDate "2026.04.10"]

1. c4 e6 2. Nc3 d5 3. d4 c5 4. cxd5 exd5 5. Nf3 Nc6 6. dxc5 d4 7. Na4 Bxc5 8. Nxc5 Qa5+ 9. Bd2 Qxc5 10. Rc1 Qb6 11. e3 Nf6 12. Bc4 dxe3 13. Bxe3 Qb4+ 14. Bd2 Qe7+ 15. Be2 O-O 16. O-O Bg4 17. h3 Bh5 18. Re1 Qd6 $146 ({RR} 18... Rad8 19. Qa4 Qd7 20. Bg5 Bxf3 21. Bxf3 Nd4 22. Qa3 Qf5 23. Bxf6 Qxf6 24. Bxb7 Rb8 25. Qxa7 Ne6 26. Qa6 Qxb2 27. Rb1 Qc3 28. Qc6 Qa5 29. Qd5 Qa7 30. Bc6 Rbd8 31. Rb7 Qa6 32. Rd7 Rxd7 33. Bxd7 {Nainys,Z (2153)-Vihaan Karthikeya N (1936) Gandhinagar IND 2024 1-0 (70)}) ({RR} 18... Rad8 19. Qa4 Qd7 20. Bg5 Bxf3 21. Bxf3 Nd4 22. Qa3 Qf5 23. Bxf6 Qxf6 24. Bxb7 Rb8 25. Qxa7 Ne6 26. Qa6 Qxb2 27. Rb1 Qc3 28. Qc6 Qa5 29. Qd5 Qa7 30. Bc6 Rbd8 31. Rb7 Qa6 32. Rd7 Rxd7 33. Bxd7 {Nainys,Z (2153)-Vihaan Karthikeya N (1936) Gandhinagar IND 2024 1-0 (70)}) ({RR} 18... Rad8 19. Qa4 Qd7 20. Bg5 Bxf3 21. Bxf3 Nd4 22. Qa3 Qf5 23. Bxf6 Qxf6 24. Bxb7 Rb8 25. Qxa7 Ne6 26. Qa6 Qxb2 27. Rb1 Qc3 28. Qc6 Qa5 29. Qd5 Qa7 30. Bc6 Rbd8 31. Rb7 Qa6 32. Rd7 Rxd7 33. Bxd7 {Nainys,Z (2153)-Vihaan Karthikeya N (1936) Gandhinagar IND 2024 1-0 (70)}) ({RR} 18... Rad8 19. Qa4 Qd7 20. Bg5 Bxf3 21. Bxf3 Nd4 22. Qa3 Qf5 23. Bxf6 Qxf6 24. Bxb7 Rb8 25. Qxa7 Ne6 26. Qa6 Qxb2 27. Rb1 Qc3 28. Qc6 Qa5 29. Qd5 Qa7 30. Bc6 Rbd8 31. Rb7 Qa6 32. Rd7 Rxd7 33. Bxd7 {Nainys,Z (2153)-Vihaan Karthikeya N (1936) Gandhinagar IND 2024 1-0 (70)}) 19. Be3 Rfd8 20. Qxd6 Rxd6 21. b4 Rdd8 22. Bc5 a6 23. a4 Nd5 24. b5 axb5 25. g4 Bg6 26. Bxb5 Nf4 27. Bb6 Rf8 28. Rc4 Nd5 29. Bc5 Rfc8 30. Rcc1 Nf4 31. Red1 Nxh3+ 32. Kh2 Nf4 33. Kg3 Ne6 34. Be3 Nb4 35. Rxc8+ Rxc8 36. Bd7 Ra8 37. Ne5 Bc2 38. Rc1 h6 39. Nc4 Rd8 40. Nb6 Bd3 41. a5 Nc2 42. Ba4 Nxe3 43. fxe3 Ba6 44. Bd7 Nf8 45. Rc7 Ng6 46. Bf5 Re8 47. Nd5 Ne5 48. Nb4 g6 49. Bc8 Nd3 50. Nd5 Re5 51. e4 Kg7 52. Kf3 Re8 53. Ke3 Ne5 54. Nb6 Rd8 55. Kf4 Nd3+ 56. Ke3 Ne5 57. Kf4 Nd3+ 58. Ke3 Nb4 59. e5 Kg8 60. Bxb7 Bxb7 61. Rxb7 Rd3+ 62. Ke4 Ra3 63. Nc4 Rb3 64. Ne3 1-0

[Event "3rd 3-0 Thu 16th Apr 2026"]
[Site "chess.com INT"]
[Date "2026.04.16"]
[Round "10"]
[White "Maghsoodloo, Parham"]
[Black "Tari, A."]
[Result "1-0"]
[WhiteElo "2720"]
[BlackElo "2642"]
[PlyCount "63"]
[EventDate "2026.04.16"]

1. d4 d5 2. c4 e6 3. Nc3 c5 4. cxd5 cxd4 5. Qxd4 Nc6 6. Qd1 exd5 7. e3 Nf6 8. Nf3 Bb4 9. Bd2 ({RR} 9. Be2 Ne4 10. Bd2 Bg4 11. O-O O-O 12. Be1 Bxc3 13. bxc3 Rc8 14. Nd4 Bxe2 15. Nxe2 b6 16. f3 Nf6 17. Bh4 Re8 18. Nf4 Rxe3 19. Bxf6 gxf6 20. Nxd5 Re5 21. c4 Na5 22. f4 Re6 23. Qh5 Nxc4 {Nakamura,H (2736)-Xiong,J (2710) Saint Louis 2021 1-0 (32)}) ({RR} 9. Be2 Ne4 10. Bd2 Bg4 11. O-O O-O 12. Be1 Bxc3 13. bxc3 Rc8 14. Nd4 Bxe2 15. Nxe2 b6 16. f3 Nf6 17. Bh4 Re8 18. Nf4 Rxe3 19. Bxf6 gxf6 20. Nxd5 Re5 21. c4 Na5 22. f4 Re6 23. Qh5 Nxc4 {Nakamura,H (2736)-Xiong,J (2710) Saint Louis 2021 1-0 (32)}) 9... O-O 10. Be2 ({RR} 10. a3 Bd6 11. Bd3 a6 12. O-O Be6 13. h3 Rc8 14. Rc1 Re8 15. Re1 Bb8 16. b4 Qd6 17. Ne2 Ne4 18. Nf4 Bf5 19. Bc3 Nxc3 20. Rxc3 Be4 21. Bxe4 dxe4 22. Qxd6 Bxd6 23. Nd2 Bxf4 24. exf4 f5 {Nosach,R (2213)-Tari,A (2642) chess.com INT 2026 0-1 (66)}) ({RR} 10. a3 Bd6 11. Bd3 a6 12. O-O Be6 13. h3 Rc8 14. Rc1 Re8 15. Re1 Bb8 16. b4 Qd6 17. Ne2 Ne4 18. Nf4 Bf5 19. Bc3 Nxc3 20. Rxc3 Be4 21. Bxe4 dxe4 22. Qxd6 Bxd6 23. Nd2 Bxf4 24. exf4 f5 {Nosach,R (2213)-Tari,A (2642) chess.com INT 2026 0-1 (66)}) 10... Ne4 ({RR} 10... Qe7 11. O-O Re8 12. a3 Ba5 13. Rc1 d4 14. Nb5 Bxd2 15. Qxd2 dxe3 16. fxe3 a6 17. Nc3 Bg4 18. Kh1 Rad8 19. Qe1 Qxe3 20. Qg3 Nd4 21. Nxd4 Qxg3 22. hxg3 Rxd4 23. Bxg4 Rxg4 24. Kh2 Rd4 25. Rf4 {Borkowski,J (1677)-Navarrete Delgado,S (2104) Pamplona ESP 2026 0-1 (45)}) ({RR} 10... Qe7 11. O-O Re8 12. a3 Ba5 13. Rc1 d4 14. Nb5 Bxd2 15. Qxd2 dxe3 16. fxe3 a6 17. Nc3 Bg4 18. Kh1 Rad8 19. Qe1 Qxe3 20. Qg3 Nd4 21. Nxd4 Qxg3 22. hxg3 Rxd4 23. Bxg4 Rxg4 24. Kh2 Rd4 25. Rf4 {Borkowski,J (1677)-Navarrete Delgado,S (2104) Pamplona ESP 2026 0-1 (45)}) 11. Rc1 Re8 $146 ({RR} 11... Be6 12. a3 Bd6 13. Nb5 Nxd2 14. Qxd2 Be7 15. O-O Bf6 16. Nbd4 Nxd4 17. Nxd4 Qb6 18. Rc2 Rac8 19. Rfc1 Rxc2 20. Rxc2 Rc8 {½-½ (20) Chalmeta Torredemer,J (2290)-Nunez Lucero,F (2220) Sant Boi 1998}) ({RR} 11... Be6 12. a3 Bd6 13. Nb5 Nxd2 14. Qxd2 Be7 15. O-O Bf6 16. Nbd4 Nxd4 17. Nxd4 Qb6 18. Rc2 Rac8 19. Rfc1 Rxc2 20. Rxc2 Rc8 {½-½ (20) Chalmeta Torredemer,J (2290)-Nunez Lucero,F (2220) Sant Boi 1998}) 12. O-O Bg4 13. Be1 Nf6 14. h3 Be6 15. a3 Bd6 16. Nb5 Bb8 17. Nbd4 Bd7 18. Qb3 Qc7 19. Bc3 Ne4 20. Qxd5 Nxc3 21. Rxc3 Qd8 22. Bc4 Qe7 23. Rd1 Nxd4 24. Nxd4 Be5 25. Qxb7 Rac8 26. Bd5 Rcd8 27. Rcd3 Qf6 28. Nf3 Bxb2 29. Bxf7+ Qxf7 30. Qxb2 Rb8 31. Qc3 Bxh3 32. Ng5 1-0

[Event "Titled Tue 13th Jan 2026"]
[Site "chess.com INT"]
[Date "2026.01.13"]
[Round "6"]
[White "Sarana, A."]
[Black "Duda, J."]
[Result "1-0"]
[WhiteElo "2686"]
[BlackElo "2731"]
[PlyCount "123"]
[EventDate "2026.01.13"]

1. d4 d5 2. c4 e6 3. Nc3 c5 4. cxd5 exd5 5. Nf3 Nc6 6. dxc5 d4 7. Na4 Bxc5 8. Nxc5 Qa5+ 9. Bd2 Qxc5 10. Qa4 Nf6 ({RR} 10... Nge7 11. b4 b5 12. bxc5 bxa4 13. Bf4 Be6 14. e3 dxe3 15. fxe3 O-O 16. Bb5 a3 17. Bd6 Rfd8 18. Kf2 a6 19. Ba4 Rac8 20. Rhd1 Nf5 21. Bxc6 Nxd6 22. Nd4 Nb5 23. Nxe6 Rxd1 24. Rxd1 fxe6 25. Bd7 {Sarana,A (2686)-Akobian,V (2549) chess.com INT 2026 1-0 (51)}) ({RR} 10... Nge7 11. b4 b5 12. bxc5 bxa4 13. Bf4 Be6 14. e3 dxe3 15. fxe3 O-O 16. Bb5 a3 17. Bd6 Rfd8 18. Kf2 a6 19. Ba4 Rac8 20. Rhd1 Nf5 21. Bxc6 Nxd6 22. Nd4 Nb5 23. Nxe6 Rxd1 24. Rxd1 fxe6 25. Bd7 {Sarana,A (2686)-Akobian,V (2549) chess.com INT 2026 1-0 (51)}) 11. b4 Qb6 12. b5 Ne7 13. Qxd4 $146 ({RR} 13. Nxd4 O-O 14. e3 Bd7 15. Ba5 Qc5 16. Bb4 Qe5 17. Be2 a6 18. Qb3 axb5 19. O-O Rfe8 20. Nf3 Qh5 21. Bxe7 Rxe7 22. Rab1 Bc6 23. h3 Qc5 24. Rfc1 Qa3 25. Nd4 Qxa2 26. Nxc6 bxc6 27. Bf3 Rc7 {Shishkov,A (2340)-Essing,A (2228) chess.com INT 2024 0-1 (53)}) ({RR} 13. Nxd4 O-O 14. e3 Bd7 15. Ba5 Qc5 16. Bb4 Qe5 17. Be2 a6 18. Qb3 axb5 19. O-O Rfe8 20. Nf3 Qh5 21. Bxe7 Rxe7 22. Rab1 Bc6 23. h3 Qc5 24. Rfc1 Qa3 25. Nd4 Qxa2 26. Nxc6 bxc6 27. Bf3 Rc7 {Shishkov,A (2340)-Essing,A (2228) chess.com INT 2024 0-1 (53)}) ({RR} 13. Nxd4 O-O 14. e3 Bd7 15. Ba5 Qc5 16. Bb4 Qe5 17. Be2 a6 18. Qb3 axb5 19. O-O Rfe8 20. Nf3 Qh5 21. Bxe7 Rxe7 22. Rab1 Bc6 23. h3 Qc5 24. Rfc1 Qa3 25. Nd4 Qxa2 26. Nxc6 bxc6 27. Bf3 Rc7 {Shishkov,A (2340)-Essing,A (2228) chess.com INT 2024 0-1 (53)}) ({RR} 13. Nxd4 O-O 14. e3 Bd7 15. Ba5 Qc5 16. Bb4 Qe5 17. Be2 a6 18. Qb3 axb5 19. O-O Rfe8 20. Nf3 Qh5 21. Bxe7 Rxe7 22. Rab1 Bc6 23. h3 Qc5 24. Rfc1 Qa3 25. Nd4 Qxa2 26. Nxc6 bxc6 27. Bf3 Rc7 {Shishkov,A (2340)-Essing,A (2228) chess.com INT 2024 0-1 (53)}) 13... Qxb5 14. e3 Qd5 15. Bc4 Qxd4 16. Nxd4 Bd7 17. Ke2 Rc8 18. Rhc1 O-O 19. f3 Nfd5 20. e4 Nb6 21. Bb3 Nc6 22. Nxc6 Bxc6 23. Be3 Bb5+ 24. Kf2 h6 25. Rxc8 Rxc8 26. a4 Bc4 27. Bd1 Be6 28. Rb1 Rd8 29. Bxb6 axb6 30. Ke3 g5 31. Be2 Ra8 32. Bb5 Kg7 33. g3 Rc8 34. Kd2 Bc4 35. Rb4 Bxb5 36. axb5 Rc5 37. h4 Kf6 38. hxg5+ hxg5 39. f4 gxf4 40. gxf4 Ke6 41. Ke3 f5 42. e5 Ke7 43. Kd3 Rd5+ 44. Kc3 Rc5+ 45. Kd2 Rd5+ 46. Ke3 Rc5 47. Kf3 Rc3+ 48. Ke2 Rc5 49. Kf2 Rc2+ 50. Kg3 Kf7 51. Rd4 Rb2 52. Rd6 Rxb5 53. Kh4 Rb1 54. Kg5 b5 55. Kxf5 b4 56. Rb6 b3 57. Rxb7+ Ke8 58. Kf6 b2 59. f5 Kd8 60. e6 Kc8 61. Rb3 Kc7 62. e7 1-0

[Event "1st 3-0 Thu 8th Jan 2026"]
[Site "chess.com INT"]
[Date "2026.01.08"]
[Round "2"]
[White "Deac, Bogdan-Daniel"]
[Black "Wagner, De"]
[Result "1-0"]
[WhiteElo "2652"]
[BlackElo "2600"]
[PlyCount "81"]
[EventDate "2026.01.08"]

1. d4 Nf6 2. c4 e6 3. Nc3 Bb4 4. g3 O-O 5. Bg2 c5 6. dxc5 Bxc5 7. Nf3 Nc6 8. O-O d5 9. cxd5 exd5 10. Na4 b6 ({RR} 10... Bd6 11. b3 Qe7 12. Bb2 Rd8 13. Nd4 Bd7 14. Rc1 Ne5 15. Nc3 Bc5 16. Qd2 Bg4 17. h3 Bd7 18. Rfd1 Ng6 19. Qd3 Rac8 20. Nxd5 Nxd5 21. Bxd5 Bxh3 22. Nf5 Qc7 23. b4 Nf4 24. gxf4 Bxf2+ 25. Kh1 {Dreev,A (2658)-Halkias,S (2583) Moscow 2007 1-0}) ({RR} 10... Bb4 11. Be3 Re8 12. Bc5 Bxc5 13. Nxc5 Ne4 14. Rc1 Bg4 15. Nb3 Rc8 16. h3 Bh5 17. g4 Bg6 18. Nfd4 Qb6 19. e3 a5 20. Nxc6 bxc6 21. Qd4 Qxd4 22. Nxd4 c5 23. Ne2 Red8 24. Rfd1 Rb8 25. b3 {Margvelashvili,G (2531)-Breuil,T (2286) chess.com INT 2024 1-0 (37)}) ({RR} 10... Bd6 11. b3 Qe7 12. Bb2 Rd8 13. Nd4 Bd7 14. Rc1 Ne5 15. Nc3 Bc5 16. Qd2 Bg4 17. h3 Bd7 18. Rfd1 Ng6 19. Qd3 Rac8 20. Nxd5 Nxd5 21. Bxd5 Bxh3 22. Nf5 Qc7 23. b4 Nf4 24. gxf4 Bxf2+ 25. Kh1 {Dreev,A (2658)-Halkias,S (2583) Moscow 2007 1-0}) ({RR} 10... Bb4 11. Be3 Re8 12. Bc5 Bxc5 13. Nxc5 Ne4 14. Rc1 Bg4 15. Nb3 Rc8 16. h3 Bh5 17. g4 Bg6 18. Nfd4 Qb6 19. e3 a5 20. Nxc6 bxc6 21. Qd4 Qxd4 22. Nxd4 c5 23. Ne2 Red8 24. Rfd1 Rb8 25. b3 {Margvelashvili,G (2531)-Breuil,T (2286) chess.com INT 2024 1-0 (37)}) 11. Nxc5 $146 ({RR} 11. a3 Ne4 12. Qc2 Qf6 13. Nxc5 bxc5 14. Be3 Bf5 15. Nh4 Nxg3 16. Nxf5 Nxf5 17. Qxc5 Rfd8 18. Rac1 Rac8 19. Bxd5 Nce7 20. Qa5 Nxe3 21. fxe3 Qg5+ {0-1 (21) Bobrov,I (2247)-Lojko,A Voronezh 2006}) ({RR} 11. a3 Ne4 12. Qc2 Qf6 13. Nxc5 bxc5 14. Be3 Bf5 15. Nh4 Nxg3 16. Nxf5 Nxf5 17. Qxc5 Rfd8 18. Rac1 Rac8 19. Bxd5 Nce7 20. Qa5 Nxe3 21. fxe3 Qg5+ {0-1 (21) Bobrov,I (2247)-Lojko,A Voronezh 2006}) 11... bxc5 12. Bg5 Be6 13. Rc1 Qd6 14. Bxf6 gxf6 15. Qc2 Rac8 16. Rfd1 Nb4 17. Qa4 Qa6 18. Qxa6 Nxa6 19. Ne1 Rfd8 20. Nd3 Rd6 21. Nf4 d4 22. b3 Nb4 23. Rd2 Rc7 24. a3 Nd5 25. Bxd5 Bxd5 26. b4 Bb7 27. Rxc5 Rxc5 28. bxc5 Ra6 29. Rxd4 Rxa3 30. f3 Rc3 31. Rd7 Bc6 32. Rxa7 Rxc5 33. Rc7 Rc4 34. Nh5 h6 35. Nxf6+ Kg7 36. Ne8+ Kg6 37. Nd6 Rc1+ 38. Kf2 Rc2 39. Nxf7 Ba4 40. Ne5+ Kf6 41. Rxc2 1-0

[Event "Chess.com Open PlayIn3"]
[Site "chess.com INT"]
[Date "2026.03.23"]
[Round "7"]
[White "Vidit, S."]
[Black "Dubov, Daniil"]
[Result "1/2-1/2"]
[WhiteElo "2708"]
[BlackElo "2672"]
[PlyCount "83"]
[EventDate "2026.03.23"]

1. d4 {Mikhalevski,Victor Mikhalevski,Victor} d5 2. c4 e6 3. Nc3 c5 4. e3 Nf6 5. Nf3 a6 6. cxd5 ({RR} 6. a3 Nc6 7. dxc5 Bxc5 8. b4 Bd6 9. Bb2 O-O 10. Rc1 a5 11. b5 Ne5 12. Nxe5 Bxe5 13. Na4 Bxb2 14. Nxb2 Ne4) ({RR} 6. a3 Nc6 7. dxc5 Bxc5 8. b4 Bd6 9. Bb2 O-O 10. Rc1 a5 11. b5 Ne5 12. Nxe5 Bxe5 13. Na4 Bxb2 14. Nxb2 Ne4) 6... exd5 7. Bd3 ({RR} 7. Be2 Nc6 8. O-O Be6 9. b3 Bd6 10. Bb2 O-O 11. Rc1 Qe7 12. Na4 cxd4 13. Nxd4 Ne5 14. Nc5 Bxc5 15. Nxe6 fxe6 16. Bxe5) ({RR} 7. dxc5 Bxc5 8. Be2 Nc6 9. O-O O-O 10. b3 Qd6) ({RR} 7. Be2 Nc6 8. O-O Be6 9. b3 Bd6 10. Bb2 O-O 11. Rc1 Qe7 12. Na4 cxd4 13. Nxd4 Ne5 14. Nc5 Bxc5 15. Nxe6 fxe6 16. Bxe5) ({RR} 7. dxc5 Bxc5 8. Be2 Nc6 9. O-O O-O 10. b3 Qd6) 7... Nc6 8. Ne5 ({RR} 8. O-O) ({RR} 8. O-O Be6 9. dxc5 Bxc5 10. b3 O-O 11. Bb2 Qe7 12. Ne2 Ba3 13. Bxa3 Qxa3 14. Qc1 Qxc1 15. Raxc1 Bg4 16. Ned4 Nxd4 17. Nxd4 Rfc8 18. f3 Rxc1 19. Rxc1 Rc8 20. Rxc8+ Bxc8 21. b4 Ne8 22. a4 Kf8 {Caruana,F (2766)-Carlsen,M (2859) chess.com INT 2022 0-1 (55)}) ({RR} 8. O-O Be7 9. h3 O-O 10. b3 b6 11. Bb2 Bb7 12. dxc5 bxc5 13. Na4 Nb4 14. Bb1 a5 15. a3 Na6 16. Ra2 Rc8 17. Bc3 Qc7 18. Bf5 Ra8 19. Qd2 Nb8 20. Rc1 Ne4 21. Bxe4 dxe4 22. Ne5 Rd8 {Ootes,L (2363)-Aravindhan,A (2213) Aalsmeer NED 2026 1-0 (58)}) ({RR} 8. O-O Bg4 9. Be2 Be7 10. Ne5 Bxe2 11. Qxe2 Rc8 12. Nxc6 Rxc6 13. dxc5 Bxc5 14. Rd1 O-O 15. Qd3 Re8 16. h3 Rd6 17. Qf5 Ba7 18. Bd2 h6 19. Rac1 d4 20. exd4 Bxd4 21. Qf3 Qb6 22. Bf4 Rdd8 {Vidit,S (2742)-Hong,A (2539) chess.com INT 2024 0-1 (65)}) ({RR} 8. O-O) ({RR} 8. O-O Be6 9. dxc5 Bxc5 10. b3 O-O 11. Bb2 Qe7 12. Ne2 Ba3 13. Bxa3 Qxa3 14. Qc1 Qxc1 15. Raxc1 Bg4 16. Ned4 Nxd4 17. Nxd4 Rfc8 18. f3 Rxc1 19. Rxc1 Rc8 20. Rxc8+ Bxc8 21. b4 Ne8 22. a4 Kf8 {Caruana,F (2766)-Carlsen,M (2859) chess.com INT 2022 0-1 (55)}) ({RR} 8. O-O Be7 9. h3 O-O 10. b3 b6 11. Bb2 Bb7 12. dxc5 bxc5 13. Na4 Nb4 14. Bb1 a5 15. a3 Na6 16. Ra2 Rc8 17. Bc3 Qc7 18. Bf5 Ra8 19. Qd2 Nb8 20. Rc1 Ne4 21. Bxe4 dxe4 22. Ne5 Rd8 {Ootes,L (2363)-Aravindhan,A (2213) Aalsmeer NED 2026 1-0 (58)}) ({RR} 8. O-O Bg4 9. Be2 Be7 10. Ne5 Bxe2 11. Qxe2 Rc8 12. Nxc6 Rxc6 13. dxc5 Bxc5 14. Rd1 O-O 15. Qd3 Re8 16. h3 Rd6 17. Qf5 Ba7 18. Bd2 h6 19. Rac1 d4 20. exd4 Bxd4 21. Qf3 Qb6 22. Bf4 Rdd8 {Vidit,S (2742)-Hong,A (2539) chess.com INT 2024 0-1 (65)}) 8... Qc7 $146 ({RR} 8... Bd6 9. Qa4 ({RR} 9. Nxc6 bxc6 10. dxc5 Bxc5 11. O-O) ({RR} 9. Nxc6 bxc6 10. dxc5 Bxc5 11. O-O) 9... Bxe5 10. dxe5 Ng4 11. f4 O-O 12. O-O ({RR} 12. h3 Qh4+) ({RR} 12. h3 Qh4+) 12... d4 13. Nd1 ({RR} 13. h3 dxc3 14. Qe4 g6 15. hxg4 Bxg4 16. Bc4 Ne7) ({RR} 13. h3 dxc3 14. Qe4 g6 15. hxg4 Bxg4 16. Bc4 Ne7) 13... Nb4 14. Qb3 Be6 ({RR} 14... b5 15. Be4 Be6 16. Qa3 Bd5 17. Bxd5 Qxd5) ({RR} 14... b5 15. Be4 Be6 16. Qa3 Bd5 17. Bxd5 Qxd5) 15. Bc4 Bf5 16. e4 ({RR} 16. h3 Bc2 17. Qa3 Bxd1 18. hxg4 Bxg4) ({RR} 16. h3 Bc2 17. Qa3 Bxd1 18. hxg4 Bxg4) 16... Bxe4 17. Qg3 h5 ({RR} 17... Nh6 18. f5 Nxf5 19. Qg4 ({RR} 19. Rxf5 Bxf5 20. Bg5 Qc7 21. Bf6 Bg6) ({RR} 19. Rxf5 Bxf5 20. Bg5 Qc7 21. Bf6 Bg6) 19... Bc2 ({RR} 19... Qh4 20. Qxh4 Nxh4 21. Rf4 Bd3 22. Bxd3 Nxd3 23. Rxh4 Nxe5) ({RR} 19... Qh4 20. Qxh4 Nxh4 21. Rf4 Bd3 22. Bxd3 Nxd3 23. Rxh4 Nxe5) 20. a3 b5 21. Be2 Nd3 22. Rxf5 ({RR} 22. Qxf5 Nxc1 23. Qxc2 d3 24. Qxc1 dxe2 25. Re1 exd1=Q 26. Qxd1) ({RR} 22. Qxf5 Nxc1 23. Qxc2 d3 24. Qxc1 dxe2 25. Re1 exd1=Q 26. Qxd1) 22... Nxc1 23. Rxc1 Bxf5 24. Qxf5 Qe7) ({RR} 17... Nh6 18. f5 Nxf5 19. Qg4 Bc2 20. a3 b5 21. Be2 Nd3 22. Rxf5 Nxc1 23. Rxc1 Bxf5 24. Qxf5 Qe7) 18. h3 ({RR} 18. f5 d3) ({RR} 18. Nf2 Nxf2 19. Rxf2 b5 20. Be2 h4 21. Qh3 f5) ({RR} 18. Bd2 Nc2 19. Rc1 d3) ({RR} 18. f5 d3) ({RR} 18. Nf2 Nxf2 19. Rxf2 b5 20. Be2 h4 21. Qh3 f5) ({RR} 18. Bd2 Nc2 19. Rc1 d3) 18... Nh6 19. f5 Nxf5 20. Rxf5 Bxf5 21. Bg5 Qb6 ({RR} 21... Qc7) ({RR} 21... Qc7) 22. Bf6 g6 23. Nf2 {Ernst,S (2473)-Loeffler,S (2440) Germany 2006 CBM 112 [Mikhalevski,Victor] 1-0 (34)} ({RR} 23. Qg5 Kh7) ({RR} 23. Qg5 Kh7) {RR} 23... Qc6 ({RR} 23... Kh7 24. Qg5 ({RR} 24. Qf4 Nc2 25. Ng4 Bxg4 26. hxg4 Qxb2 27. Rd1) ({RR} 24. Qf4 Nc2 25. Ng4 Bxg4 26. hxg4 Qxb2 27. Rd1) 24... Qc6 25. g4 ({RR} 25. Ng4 Bxg4 26. hxg4 Qe4 27. gxh5 Qe3+ 28. Qxe3 dxe3) ({RR} 25. Ng4 Bxg4 26. hxg4 Qe4 27. gxh5 Qe3+ 28. Qxe3 dxe3) 25... Bc2 26. gxh5 Qf3 27. hxg6+ Bxg6 ({RR} 27... fxg6 28. Be2 Qe3 ({RR} 28... Qxe2 29. Ng4) ({RR} 28... Qxe2 29. Ng4) 29. Qh4+ Qh6 30. Qg3) ({RR} 27... fxg6 28. Be2 Qe3 29. Qh4+ Qh6 30. Qg3) 28. a3 ({RR} 28. Be2 Qe3) ({RR} 28. Be2 Qe3) 28... Rg8 ({RR} 28... Nc2 29. Bd3 Qe3 30. Qh4+ Qh6 31. Bxg6+ fxg6 32. Qe4 Nxa1 ({RR} 32... Ne3 33. Ng4 Nxg4 34. Qxb7+ Kg8 35. Qd5+ Kh7) ({RR} 32... Ne3 33. Ng4 Nxg4 34. Qxb7+ Kg8 35. Qd5+ Kh7) 33. Qxb7+ Kg8 34. Qd5+ Kh7 35. Qb7+) ({RR} 28... Nc2 29. Bd3 Qe3 30. Qh4+ Qh6 31. Bxg6+ fxg6 32. Qe4 Nxa1 33. Qxb7+ Kg8 34. Qd5+ Kh7 35. Qb7+) 29. Be2 Qxe2 30. Ng4 Qg2+ 31. Kxg2 Be4+ 32. Kg3 Rxg5 33. Bxg5 Nd5) ({RR} 23... Qc6 24. Qf4 Kh7 25. g4 Bc2 ({RR} 25... b5 26. gxf5 bxc4 27. Ng4 hxg4 28. Qxg4 Qxf6 29. exf6 Nd5 30. fxg6+ fxg6 31. Qd7+) 26. gxh5 g5 27. Qg4 Qc8 28. Qg2 Qc6 ({RR} 28... Qf5 29. Rf1 Qd7 30. Ne4 Rg8 31. Bxg5 Bxe4 32. Rxf7+ Qxf7 33. Qxe4+ Kh8 34. Bxf7 Rxg5+ 35. Kh1) 29. Qg4) ({RR} 23... Kh7 24. Qg5 Qc6 25. g4 Bc2 26. gxh5 Qf3 27. hxg6+ Bxg6 28. a3 Rg8 29. Be2 Qxe2 30. Ng4 Qg2+ 31. Kxg2 Be4+ 32. Kg3 Rxg5 33. Bxg5 Nd5) 24. Qf4 Kh7 25. g4 Bc2 ({RR} 25... b5 26. gxf5 bxc4 27. Ng4 hxg4 28. Qxg4 Qxf6 29. exf6 Nd5 30. fxg6+ fxg6 31. Qd7+) 26. gxh5 g5 27. Qg4 Qc8 28. Qg2 Qc6 ({RR} 28... Qf5 29. Rf1 Qd7 30. Ne4 Rg8 31. Bxg5 Bxe4 32. Rxf7+ Qxf7 33. Qxe4+ Kh8 34. Bxf7 Rxg5+ 35. Kh1) 29. Qg4) ({RR} 8... Bd6 9. Qa4 Bxe5 10. dxe5 Ng4 11. f4 O-O 12. O-O d4 13. Nd1 Nb4 14. Qb3 Be6 15. Bc4 Bf5 16. e4 Bxe4 17. Qg3 h5 18. h3 Nh6 19. f5 Nxf5 20. Rxf5 Bxf5 21. Bg5 Qb6 22. Bf6 g6 23. Nf2 {Ernst,S (2473)-Loeffler,S (2440) Germany 2006 CBM 112 [Mikhalevski,Victor] 1-0 (34)}) 9. Nxc6 bxc6 10. h3 Bd6 11. O-O O-O 12. b3 Re8 13. dxc5 Bxc5 14. Bb2 Bd6 15. Rc1 Bh2+ 16. Kh1 Be5 17. Qc2 Bd7 18. Na4 a5 19. Rfd1 Bxb2 20. Qxb2 Rab8 21. Rc5 Rb4 22. Bf1 Rh4 23. Kg1 Ne4 24. Rc2 Qd6 25. Nc3 Qf6 26. Nxe4 Qxb2 27. Rxb2 Rhxe4 28. Rc1 Rb8 29. Rc5 a4 30. Ra5 axb3 31. Rxb3 Rxb3 32. axb3 Kf8 33. Bd3 Rb4 34. Bc2 h6 35. Kf1 Ke7 36. Ke2 Kd6 37. Kd2 c5 38. Ra6+ Kc7 39. Ra7+ Kd6 40. Ra6+ Kc7 41. Ra7+ Kd6 42. Ra6+ 1/2-1/2